đź“–150 premiers mots "Mange, prie, aime" Elizabeth Gilbert - Statistiques

Statistiques générales
  • Ce quiz a Ă©tĂ© pris 10 fois
  • Le rĂ©sultat moyen est 76 sur 150
Statistiques - réponses
Mots % Correct
a
100%
Ă 
100%
et
100%
il
100%
l'
100%
la
100%
s'
100%
sa
100%
d'
89%
de
89%
des
89%
est
89%
J'
89%
je
89%
le
89%
m'
89%
me
89%
moi
89%
pour
89%
Pour
89%
que
89%
qui
89%
au
78%
ce
78%
Ces
78%
en
78%
Giovanni
78%
mais
78%
Par
78%
son
78%
un
78%
une
78%
ans
67%
ans.
67%
Cette
67%
dans
67%
du
67%
suis
67%
années -
56%
années,
56%
- comme
56%
comme
56%
dix
56%
encore
56%
mère.
56%
tout
56%
bien
44%
moins
44%
sept
44%
trentaine
44%
vingtaine
44%
après
33%
avoir
33%
idée.
33%
Oui...
33%
plupart
33%
raisons,
33%
tas
33%
très
33%
amour.
22%
chez
22%
commencer,
22%
donne
22%
eux
22%
impression
22%
mauvaise
22%
mille
22%
serait
22%
seuls
22%
vit
22%
aimerais
11%
Américaine
11%
américaine
11%
amoureux,
11%
aventure
11%
bout
11%
chagrin
11%
corps
11%
divorce
11%
pauvre
11%
peine
11%
sentimentale
11%
série
11%
achevée
0%
âgée
0%
compte
0%
couple
0%
désignent
0%
embrasse.
0%
épave ...
0%
épreuves
0%
éprouvant,
0%
étant
0%
faits
0%
fastidieux
0%
fragile,
0%
immédiatement
0%
improbable
0%
infliger
0%
interminable
0%
Italiens
0%
jetée
0%
jusqu'
0%
naufrage
0%
ongles,
0%
partenaire
0%
perdu
0%
principe,
0%
pure
0%
question
0%
réchappe
0%
refuse
0%
rendue
0%
tenu
0%
triste,
0%
Aucun quiz correspondant
Distribution des résultats
% des personnes avec chaque résultat
Percentile par nombre de réponses
Votre historique - résultats
Vous n’avez pas pris ce quiz